Ekonomický slovník česko-německý
Gespeichert in:
| 1. Verfasser: | |
|---|---|
| Weitere Verfasser: | , |
| Format: | Buch |
| Sprache: | Tschechisch Deutsch |
| Veröffentlicht: |
Praha
C.H. Beck
2004
|
| Ausgabe: | 4. rozšíř. a aktualiz. vyd. |
| Schriftenreihe: | Beckovy odborné slovníky
|
| Schlagworte: | |
| Tags: |
Keine Tags, Fügen Sie das erste Tag hinzu!
|
MARC
| LEADER | 00000nam$a2200000$$$4500 | ||
|---|---|---|---|
| 001 | 0022318 | ||
| 005 | 20240315114429.9 | ||
| 020 | |a 80-7179-640-9 | ||
| 041 | 0 | |a cze | |
| 041 | 0 | |a ger | |
| 044 | |a CZ | ||
| 245 | 1 | 0 | |a Ekonomický slovník česko-německý |c Grabmüller / Rádl / Sova |
| 250 | |a 4. rozšíř. a aktualiz. vyd. | ||
| 264 | 1 | |a Praha |b C.H. Beck |c 2004 | |
| 300 | |a 462 s. | ||
| 490 | 1 | |a Beckovy odborné slovníky | |
| 830 | 0 | |a Beckovy odborné slovníky | |
| 610 | 2 | 0 | |a ekonómia |
| 610 | 2 | 0 | |a čeština |
| 610 | 2 | 0 | |a nemčina |
| 610 | 2 | 0 | |a jazykoveda |
| 610 | 2 | 0 | |a terminológia |
| 100 | 1 | |a Grabmüller, Marek | |
| 700 | 1 | |a Rádl, Radovan | |
| 700 | 1 | |a Sova, Petr | |